000 00713nam a2200241Ia 4500
005 20250310114421.0
008 131103s9999 xx 000 0 und d
020 _a6860656
_c8.99 pds
040 _aLoreto College
041 _aEnglish
082 _a940.27
_bRUD
100 _aRude,George
245 _aRevolutionary Europe 1783 - 1815
_cGeorge Rude
260 _aLondon
_bFontana Press
_c1964
300 _a350 p.
440 _aFontana History Of Europe
504 _aIncludes bibliographical references and index
650 _aModern History - 1783 - 1815 - French Revolution
651 _aEurope - Modern History - 1783 - 1815
700 _aPlumb,J.H.,series ed.
850 _aLCLIB
942 _cBK
999 _c8744
_d59223